Study guide for Brunner & Suddarth's textbook of medical-surgical nursing / (Record no. 283697)
[ view plain ]
| 000 -LEADER | |
|---|---|
| fixed length control field | 02935cam a2200397 i 4500 |
| 001 - CONTROL NUMBER | |
| control field | 17816450 |
| 003 - CONTROL NUMBER IDENTIFIER | |
| control field | PILC |
| 005 - DATE AND TIME OF LATEST TRANSACTION | |
| control field | 20150303130410.0 |
| 008 - FIXED-LENGTH DATA ELEMENTS--GENERAL INFORMATION | |
| fixed length control field | 130716t20142014paua b 001 0 eng |
| 010 ## - LIBRARY OF CONGRESS CONTROL NUMBER | |
| LC control number | 2013028429 |
| 020 ## - INTERNATIONAL STANDARD BOOK NUMBER | |
| International Standard Book Number | 9781469897912 |
| 035 ## - SYSTEM CONTROL NUMBER | |
| System control number | (DNLM)101612653 |
| 040 ## - CATALOGING SOURCE | |
| Original cataloging agency | DNLM/DLC |
| Transcribing agency | DLC |
| Description conventions | rda |
| Modifying agency | DLC |
| 042 ## - AUTHENTICATION CODE | |
| Authentication code | pcc |
| 050 00 - LIBRARY OF CONGRESS CALL NUMBER | |
| Classification number | RT 41 |
| Item number | .T46St 2014 |
| 060 10 - NATIONAL LIBRARY OF MEDICINE CALL NUMBER | |
| Classification number | WY 150 |
| 082 00 - DEWEY DECIMAL CLASSIFICATION NUMBER | |
| Classification number | 617/.0231 |
| 100 1# - MAIN ENTRY--PERSONAL NAME | |
| Personal name | Hinkle, Janice L., |
| Relator term | author. |
| 245 10 - TITLE STATEMENT | |
| Title | Study guide for Brunner & Suddarth's textbook of medical-surgical nursing / |
| Statement of responsibility, etc | Janice L. Hinkle, Phd, RN, CNRN, Associate Professor, The Catholic University of America, Washington, DC, Kerry H. Cheever, PhD, RN, Professor and Chairperson, Department of Nursing, Moravian College, Bethlehem, Pennsylvania. |
| 246 1# - VARYING FORM OF TITLE | |
| Title proper/short title | Brunner and Suddarth's textbook of medical-surgical nursing |
| 246 1# - VARYING FORM OF TITLE | |
| Title proper/short title | Textbook of medical-surgical nursing |
| 250 ## - EDITION STATEMENT | |
| Edition statement | 13th ed. |
| 260 ## - PUBLICATION, DISTRIBUTION, ETC. (IMPRINT) | |
| Place of publication, distribution, etc | Philadelphia : |
| Name of publisher, distributor, etc | Wolters Kluwer Health/Lippincott Williams & Wilkins, |
| Date of publication, distribution, etc | c2014. |
| 300 ## - PHYSICAL DESCRIPTION | |
| Extent | 408 pages : |
| Other physical details | illustrations ; |
| Dimensions | 29 cm. |
| 500 ## - GENERAL NOTE | |
| General note | Preceded by Brunner & Suddarth's textbook of medical-surgical nursing / Suzanne C. Smeltzer ... [et al.]. 12th ed. c2010. |
| 504 ## - BIBLIOGRAPHY, ETC. NOTE | |
| Bibliography, etc | Includes bibliographical references and index. |
| 505 8# - FORMATTED CONTENTS NOTE | |
| Formatted contents note | Machine generated contents note: Health Care Delivery and Evidence-Based Nursing Practice -- Community-Based Nursing Practice -- Critical Thinking, Ethical Decision Making and the Nursing Process -- Health Education and Promotion -- Adult Health and Nutritional Assessment -- Individual and Family Homeostasis, Stress, and Adaptation -- Overview of Transcultural Nursing -- Overview of Genetics and Genomics in Nursing -- Chronic Illness and Disability -- Principles and Practices of Rehabilitation -- Health Care of the Older Adult -- Pain Management -- Fluid and Electrolytes: Balance and Disturbance -- Shock and Multiple Organ Dysfunction Syndrome -- Oncology: Nursing Management in Cancer Care -- End-of-Life Care -- Preoperative Nursing Management -- Intraoperative Nursing Management -- Postoperative Nursing Management -- Assessment of Respiratory Function -- Respiratory Care Modalities -- Management of Patients With Upper Respiratory Tract Disorders -- Management of Patients With Chest and Lower Respiratory Tract Disorders. |
| 520 ## - SUMMARY, ETC. | |
| Summary, etc | "This textbook has been a favorite resource for students, instructors, and practicing nurses for almost a half-century. It's comprehensive yet accessible approach covers a broad scope of medical conditions while focusing strongly on the nurse's role in caring for, educating, and assisting patients and families"--Provided by publisher. |
| 521 ## - TARGET AUDIENCE NOTE | |
| Target audience note | Nursing |
| 650 12 - SUBJECT ADDED ENTRY--TOPICAL TERM | |
| Topical term or geographic name as entry element | Nursing Care. |
| 650 22 - SUBJECT ADDED ENTRY--TOPICAL TERM | |
| Topical term or geographic name as entry element | Perioperative Nursing. |
| 700 1# - ADDED ENTRY--PERSONAL NAME | |
| Personal name | Cheever, Kerry H., |
| Relator term | author. |
| 906 ## - LOCAL DATA ELEMENT F, LDF (RLIN) | |
| a | 7 |
| b | cbc |
| c | orignew |
| d | 1 |
| e | ecip |
| f | 20 |
| g | y-gencatlg |
| 942 ## - ADDED ENTRY ELEMENTS (KOHA) | |
| Source of classification or shelving scheme | Library of Congress Classification |
| Koha item type | Books |
| Withdrawn status | Lost status | Source of classification or shelving scheme | Damaged status | Home library | Current library | Shelving location | Date acquired | Source of acquisition | Sub Shelving location | Total Checkouts | Total Renewals | Full call number | Barcode | Date last seen | Date checked out | Price effective from | Koha item type |
|---|---|---|---|---|---|---|---|---|---|---|---|---|---|---|---|---|---|
| Library of Congress Classification | College Library | College Library | Filipiniana Section | 03/03/2015 | Library Fund | 1 | 8 | RT 41 .T46St 2014 | C19094 | 05/08/2018 | 05/16/2016 | 03/03/2015 | Books |